000 00603nam a2200241Ia 4500
003 OSt
005 20221005122907.0
006 a|||||r|||| 00| 0
007 ta
008 221004b |||||||| |||| 00| 0 tam d
024 _a48967
037 _cTextual
040 _aCRL
_cCRL
_btam
041 _2tam
_atam
082 _aO31,1NTHAx, K3
100 _aThamizhoviyan Au.
_9632793
245 0 _aKavi thaigal
260 _c1963
650 _a TAMIL POETRY
650 _aTAMIL LITERATURE
942 _hO31,1NTHAx, K3
_cTEXL
_2cc
999 _c1045727
_d1045727